Statistics for football teams

Click here to take the quiz!

General Stats

  • This quiz has been taken 4 times
  • The average score is 50 of 92

Answer Stats

Answer% Correct
arsenal
100%
burnley
100%
derby
100%
everton
100%
huddersfield
100%
leeds
100%
leicester
100%
liverpool
100%
manchester city
100%
manchester united
100%
swansea
100%
west brom
100%
west ham
100%
aston villa
75%
barnsley
75%
blackburn
75%
bolton
75%
bournemouth
75%
brighton
75%
cardiff
75%
carlisle
75%
chelsea
75%
crystal palace
75%
fulham
75%
hull
75%
ipswich
75%
luton
75%
millwall
75%
newcastle
75%
norwich
75%
nottingham forest
75%
portsmouth
75%
sheffield united
75%
sheffield wednesday
75%
shrewsbury
75%
southampton
75%
stoke
75%
sunderland
75%
walsall
75%
watford
75%
wigan
75%
wolves
75%
accrington
50%
birmingham
50%
blackpool
50%
bradford
50%
bristol city
50%
bristol rovers
50%
burton
50%
cambridge
50%
charlton
50%
colchester
50%
coventry
50%
forest green
50%
gillingham
50%
grimsby
50%
lincoln
50%
middlesbrough
50%
newport
50%
notts county
50%
oldham
50%
plymouth
50%
preston
50%
QPR
50%
spurs
50%
yeovil
50%
brentford
25%
bury
25%
cheltenham
25%
doncaster
25%
mk dons
25%
peterborough
25%
port vale
25%
rochdale
25%
rotherham
25%
southend
25%
stevenage
25%
wimbledon
25%
barnet
0%
chesterfield
0%
crawley
0%
crewe
0%
they are from a town near rainhamdagenham
0%
exetor
0%
fleetwood
0%
masfield
0%
morecambe
0%
northampton
0%
oxfor united
0%
scunthorpe
0%
swindon
0%
wycombe
0%

Score Distribution

Percentile by Number Answered

Percent of People with Each Score

Your Score History

You have not taken this quiz